| 000 | 00649nam a2200229 a 4500 | ||
|---|---|---|---|
| 001 | BRCA_7004 | ||
| 005 | 20190320205657.0 | ||
| 008 | 231111s1920----gw-a######---#000-0#ger-# | ||
| 041 | _ager | ||
| 044 | _agw | ||
| 050 | 4 |
_aPT2528 _b.S76 1920 |
|
| 100 | 1 |
_aStorm, Theodor _d1817-1888 _917428 |
|
| 245 | 1 | 0 |
_aCarsten Curator _bNovelle _cvon Theodor Storm ; Bilder und Buchschmuk von Gerta Marks |
| 260 |
_aMúnich, Alemania _bPhoebus _c[1920] |
||
| 300 |
_a109 p. _bil. _c16 cm. |
||
| 440 | 0 |
_aPhoebus-Bücher _v31 _917429 |
|
| 500 | _aO16 | ||
| 650 | 1 | 4 |
_aLiteratura Alemana _96160 |
| 700 | 1 |
_aMarks, Gerta _917430 |
|
| 902 | _aGFM | ||
| 942 |
_2lcc _cB |
||
| 999 |
_c6685 _d6685 |
||